Datum a čas kvízu
26.5
Celkem bodů
Celkový počet nahraných bodů na tomto kvízu bez doplňovacích otázek.
8.
Pořadí na kvízu
Konečné umístění týmu na tomto kvízu.
Zaznamenané odpovědi
| # | Otázka | Odpověď | Body | Výsledky |
|---|---|---|---|---|
| 1. | V pondělí odpoledne se v Praze... | nádvoří Pražského hradu, srdce | 0.5 | |
| 2. | Jeden polský autobusový doprav... | Hel | 1 | |
| 3. | Minulý týden došlo k útěku dev... | Děčín, makak | 1 | |
| 4. | Ve středu oznámil český minist... | Zdeněk Nekula, Marek Výborný | 1 | |
| 5. | V úterý vyhrál jeden český atl... | Jakub Vadlejch | 1 | |
| 6. | V následujících otázkách se bu... | Pangea, Gondwanu | 1 | |
| 7. | Seřaďte následující minerály p... | 1C 2A 3D 4B | 0 | |
| 8. | Která vyvřelá hornina, běžně n... | čedič (bazalt) | 1 | |
| 9. | Součástí geologických věd je t... | na Islandu, v Norsku | 1 | |
| 10. | Geologické období paleozoikum... | karbon, perm | 1 |